000 00433nam a2200181Ia 4500
003 0100
008 130227s9999 xx 000 0 und d
040 _cARRUPELIB
050 _aJC71.A7C65
100 _aSusan, D. Collins
245 _aAristotle and the Rediscovery of citizenship
260 _aCambridge
260 _bCambridge University Press
260 _C2006
300 _ax
300 _b 193p. 23cm.
942 _2lcc
_07
999 _c3643
_d3643